• 首页
  • 本馆介绍
  • 公告通知
  • 最新文献
  • 馆藏检索
  • 电子资源
  • 读者导购
  • 参考咨询
  • 我的图书馆
  • 登录
  • 详细信息显示
  • 放入我的书架
  • 预约/预借图书
  • 作者相关作品
  • 分类相关作品
  • 丛书相关作品
  • 出版社相关作品

书目信息

  • 表格格式
  • 工作单格式
  • 卡片格式
题名:
办公空间设计
    
 
作者: 冯芬君 编著
分册:  
出版信息: 北京   人民邮电出版社  2015.7
页数: 121页
开本: 26cm
丛书名:
单 册:
中图分类: TU243
科图分类:
主题词: 办公室--室内装饰设计--高等学校--教材
电子资源:
ISBN: 978-7-115-38054-8
000 00998nam0 2200253 450
001 0400009476
005 20171121085108.0
010    @a978-7-115-38054-8@dCNY49.80
100    @a20171121e20172015em y0chiy ea
101 0  @achi
102    @aCN@b110000
105    @aa az 000yy
106    @ar
200 1  @a办公空间设计@Aban gong kong jian she ji@d= Space planning for commercial office interiors@f冯芬君编著@zeng
210    @a北京@c人民邮电出版社@d2015.7@h2017.7
215    @a121页@c图@d26cm
320    @a有书目(第121页)
330    @a本书共分8章,包括办公空间的基本设计思路与方法、企业文化与办公空间、人机工程学设计应用等常规内容,其中独特的地方在于大部分章节都是以设计热门话题的形式出现,如小投入的办公空间设计卖点、与甲方的设计交流等。
510 1  @aSpace planning for commercial office interiors@zeng
606 0  @a办公室@x室内装饰设计@x高等学校@j教材
690    @aTU243@v5
701  0 @a冯芬君@Afeng fen jun@4编著
801  0 @aCN@b上海新华@c20171121
905    @b1029066-70@dTU243@e1401@f5
    
    办公空间设计= Space planning for commercial office interiors/冯芬君编著.-北京:人民邮电出版社,2015.7(2017.7)
    121页:图;26cm
    
    
    ISBN 978-7-115-38054-8:CNY49.80
    本书共分8章,包括办公空间的基本设计思路与方法、企业文化与办公空间、人机工程学设计应用等常规内容,其中独特的地方在于大部分章节都是以设计热门话题的形式出现,如小投入的办公空间设计卖点、与甲方的设计交流等。
●
相关链接 在E读中查询图书 在五车中查询图书 在当当中查询图书 在豆瓣中查询图书


正题名:办公空间设计     索取号:TU243/1401         预约/预借

序号 登录号 条形码 馆藏地/架位号 状态 备注
1 1029066   210290665   第二样本阅览室/ [索取号:TU243/1401] 在馆    
2 1029067   210290674   密集书库-生命科学系/ [索取号:TU243/1401] 在馆    
3 1029068   210290683   第三借阅区/ [索取号:TU243/1401] 在馆    
4 1029069   210290692   第三借阅区/ [索取号:TU243/1401] 在馆    
5 1029070   210290709   第三借阅区/ [索取号:TU243/1401] 在馆    
唐山师范学院图书馆 欢迎您!
大连网信软件有限公司© 版权所有